00969cam a22002531 4500001001300000003000400013005001700017008004100034010001700075035002000092040002500112042001200137050002500149110003700174245006400211260005000275300002100325501019200346650002800538650002600566700004600592710006000638999001700698e 31000430 DLC20260227111221.0830616s1931 dcu 000 0 eng  ae 31000430  a(OCoLC)29093659 aDLCcMnUdOCoLCdDLC apremarc00aLC1045b.A25 no. 1532 aAmerican Vocational Association.10aTraining objectives in vocational education in agriculture, a[Washington,bU.S. Govt. print. off.,c1931]. av, 31 p.c23 cm. aWith : Vocational education for those engaged in the retail and meat business / Earl Wingert Barnhart. Washington : Govt. Print. Off., 1930. Bound together subsequent to publication.5DLC 0aAgricultural education. 0aVocational education.1 aLane, C. H.q(Charles Homer),d1877-1944.1 aUnited States.bFederal Board for Vocational Education. c21111d21111